000 00988nam a2200253 a 4500
005 2009090903093.0
008 990210s1999 nyua j 000 1 eng
010 _aB-357118
020 _c40.00
_a9788124114506
035 _aB-357118
037 _bDBAD / PUB
040 _adpl
_bEnglish
082 _aS
100 _aAnand, Shradha
245 _aKochunni and the forgotten keys /
_cretold by Shradha Anand
260 _aNew Delhi
_bHar-Anand Publications
_c2009
270 _aE-49/3, Okhla Industrial Area, Phase - II,
_bNew Delhi
_e110020
300 _a16p.:
_c28cm(pbk)
_bcol. ill
490 _aRead 'n' enjoy folklore
520 _aA little girl falls down a rabbit hole and discovers a world of nonsensical and amusing characters.
650 _aChildren's stories, English
942 _2ddc
_cCH
_hS
_mANA
999 _c30219
_d30219